Harry Potter Deathly Hallows First Lines Quiz Stats

 Plays Quiz not verified by Sporcle

Also try: Fictional Fiction
Challenge
Share
Tweet
Embed
Score 0/47 Timer 10:00
0 Plays Today
Quote Speaker % Correct
‘Master, back in my mistress’s old house…’Kreacher
68.1%
‘HAGGER?’Grawp
67%
‘You look vunderful.’ Viktor Krum
66%
‘Not sure, my dad left my mum when I was a kid…’Dean Thomas
66%
‘All righ’, Harry? Ready fer the off?’Rubeus Hagrid
64.9%
‘Harry? You are the real Harry? What happened? Where are the others?’ Molly Weasley
63.8%
‘Ah, Mafalda! Travers sent you, did he?’Dolores Umbridge
63.8%
“..and your hair’s much too long, Ronald, for a moment, I thought you were Ginerva.” Auntie Muriel
61.7%
‘I knew you’d come! I knew it, Harry!’ Neville Longbottom
59.6%
‘Yes, m - my Lord’Peter Pettigrew
58.5%
‘Enchantée! Your ‘usband ‘as been telling us such amusing stories!’Apolline Delacour
58.5%
‘I told them you’d take it like this.'Hermione Granger
57.4%
‘...apologize for our temporary absence from the airwaves…’'Lee Jordan
55.3%
‘They’ve crashed, __! Crashed in the garden!’Andromeda Tonks
52.1%
‘Upstairs, keep the Cloak on, keep quiet!’Aberforth Dumbledore
45.7%
‘Sorry to intrude, especially as I can see that I am gatecrashing a party.’ Rufus Scrimgeour
43.6%
‘Change of plan.”Alastor Moody
42.6%
‘Hello, Harry!’ Luna Lovegood
41.5%
‘-Because it’s the first time for all of us.’Ron Weasley
40.4%
‘There ought to be a few salmon in here, or d’you reckon it’s too early in the season?’Dirk Cresswell
39.4%
‘We was hiding in the corridor outside.’Gregory Goyle
39.4%
‘Wheeeeeeee!’Peeves
38.3%
‘Harry, guess what?’Nymphadora Tonks
34%
‘What brings you up here, Runcorn?’ Pius Thicknesse
34%
Quote Speaker % Correct
‘Oh, hello, Mafalda.’ Reginald Cattermole
33%
‘Which makes you pretty skint, witless,’Alecto Carrow
31.9%
‘Well, that’s the plan scuppered.’George Weasley
30.9%
‘I don’t know where he is, he was supposed to meet me here!’Mary Cattermole
28.7%
‘He can get along without me for one night.’ Kingsley Shacklebolt
27.7%
‘...and thought they’d quite like to wash, yes,’ Lavender Brown
26.6%
‘Don’t you take that tone..”Petunia Dursley
25.5%
‘Who’s there? Is it Potter? Are you Harry Potter?’ Ted Tonks
25.5%
No! No! I beg you, I beg you…’ Garrick Ollivander
25.5%
‘’Please’ always helps’Phineas Nigellus Black
24.5%
‘News?’ Corban Yaxley
23.4%
‘But we can hold him up.Pomona Sprout
23.4%
‘I only said he might be.’James Sirius Potter
23.4%
‘Hi, Hagrid! How’s it going?’Charlie Weasley
21.3%
‘Like ‘ell you are,’Scabior
16%
‘I am afraid...that I cannot help you.’Helena Ravenclaw
16%
‘Didn’t I tell you there was no need to hurry, Travers?’Selwyn
13.8%
‘Madam Lestrange.’Tom
12.8%
‘You’re going to leave us in this mess?’Michael Corner
12.8%
‘QUIET!Thorfinn Rowle
9.6%
‘I deemed it prudent,’Gornuk
6.4%
‘What is this? Who are you?'Narcissa Malfoy
5.3%
‘But I’m fine...___, look at this.’Lily Evans
5.3%

You're not logged in!

Compare scores with friends on all Sporcle quizzes.
OR
Log In

You Might Also Like...

Show Comments

Extras

Top Quizzes Today


Score Distribution

Your Account Isn't Verified!

In order to create a playlist on Sporcle, you need to verify the email address you used during registration. Go to your Sporcle Settings to finish the process.

Report this User

Report this user for behavior that violates our Community Guidelines.

Details: